000 00306nam a22001337a 4500
008 180919b xxu||||| |||| 00| 0 eng d
020 _a9780872205734
041 _aeng
080 _a371
100 _a25
101 _aEDU
245 _aThe Nuts and Bolts of College Writing
_cHarvey, M
942 _2udc
_cBK
999 _c48010
_d48010